| 000 | 00544nam a2200193Ia 4500 | ||
|---|---|---|---|
| 003 | GCL | ||
| 008 | 140319s9999 xx 000 0 ara d | ||
| 040 |
_aGCL / _cGCL |
||
| 082 | 0 | 4 |
_a153.42 _bا ت |
| 100 | 1 | _aاحمد فائق | |
| 245 | 1 | 0 |
_aالتفكير عند الانسان / _cاحمد فائق |
| 300 | _a126 ص | ||
| 490 |
_aالمكتبة الثقافية _v0 |
||
| 650 | 0 | 4 | _aعلم النفس |
| 650 | 0 | 4 | _aالتفكير |
| 650 | 0 | 4 | _aالامراض النفسية |
| 650 | 0 | 4 | _aالقدرة العقلية |
| 942 |
_2ddc _cBK |
||
| 999 |
_c47383 _d47383 |
||